Loading...
| Religion | 0 | 5 | 2 | 0 | 40 | 51 | 76.00 | 1 | 3 | 0.00 | 0.00 |
| Mythology | 0 | 4 | 1 | 0 | 35 | 28 | 50.50 | 0 | 4 | 0.00 | 0.00 |
| Literature - European | 0 | 3 | 0 | 1 | 30 | 54 | 99.67 | 1 | 1 | 0.00 | 0.00 |
| Science - Other | 0 | 3 | 0 | 2 | 30 | 114 | 120.33 | 0 | 0 | 0.00 | 0.00 |
| Fine Arts - Painting and Sculpture | 0 | 3 | 0 | 0 | 30 | 38 | 65.33 | 1 | 3 | 0.00 | 0.00 |
| Literature - British | 0 | 3 | 0 | 0 | 30 | 58 | 73.67 | 0 | 2 | 0.00 | 0.00 |
| Literature - American | 0 | 2 | 0 | 0 | 20 | 50 | 58.50 | 2 | 2 | 0.00 | 0.00 |
| Popular Culture | 0 | 2 | 0 | 1 | 20 | 60 | 98.50 | 0 | 1 | 0.00 | 0.00 |
| Literature - World | 0 | 2 | 0 | 0 | 20 | 70 | 73.50 | 0 | 1 | 0.00 | 0.00 |
| Social Science | 0 | 2 | 1 | 1 | 15 | 74 | 103.00 | 0 | 0 | 0.00 | 0.00 |
| Philosophy | 0 | 1 | 0 | 0 | 10 | 108 | 108.00 | 0 | 1 | 0.00 | 0.00 |
| History - European | 0 | 1 | 0 | 0 | 10 | 50 | 50.00 | 0 | 0 | 0.00 | 0.00 |
| Fine Arts - Other | 0 | 1 | 1 | 0 | 5 | 99 | 99.00 | 1 | 1 | 0.00 | 0.00 |
| Science - Physics | 0 | 0 | 0 | 0 | 0 | 0.00 | 0 | 0 | 0.00 | 0.00 | |
| History - World | 0 | 1 | 3 | 0 | -5 | 83 | 83.00 | 0 | 1 | 0.00 | 0.00 |